[Event "Perenyi Memorial 12th"]
[Site "Budapest"]
[Date "2020.01.16"]
[Round "7"]
[White "Palczert, Matyas"]
[Black "Yip, Michael"]
[Result "0-1"]
[WhiteElo "2015"]
[BlackElo "1978"]
[PlyCount "128"]
[EventDate "2020.01.10"]
[EventType "swiss"]
[EventRounds "9"]
[EventCountry "HUN"]
[SourceTitle "EXT 2021"]
[Source "ChessBase"]
[SourceDate "2020.10.23"]
[SourceVersion "1"]
[SourceVersionDate "2020.10.23"]
[SourceQuality "1"]

1. e4 c6 2. d4 d5 3. exd5 cxd5 4. Bd3 Nc6 5. Nf3 Nf6 6. 0-0 Nb4 7. Bb5+ Bd7 8. Qe2 a6 9. Bxd7+ Qxd7 10. c3 Nc6 11. Ne5 Qc8 12. Bg5 e6 13. Nd2 Be7 14. f4 h6 15. Bxf6 Bxf6 16. f5 0-0 17. fxe6 Qxe6 18. Rae1 Bxe5 19. dxe5 Rae8 20. Nf3 f6 21. Nd4 Qxe5 22. Qf3 Nxd4 23. Qd3 Qxe1 24. Rxe1 Rxe1+ 25. Kf2 Re2+ 26. Kf1 Re4 27. cxd4 Rf7 28. Qc3 Ree7 29. b4 Rc7 30. Qb3 Rc4 31. b5 axb5 32. Qxb5 Rxd4 33. Qe8+ Rf8 34. Qe6+ Kh8 35. Qd6 Ra8 36. Qc7 Rda4 37. Qxb7 Rxa2 38. Qxd5 R2a5 39. Qc6 Rf5+ 40. Ke2 Re5+ 41. Kd3 Rd8+ 42. Kc4 Rde8 43. Kd4 h5 44. h3 Re1 45. Qf3 Rd8+ 46. Kc3 Rc1+ 47. Kb2 Rc5 48. Qb7 Rdd5 49. Qe7 Rg5 50. Kb3 Rce5 51. Qd8+ Kh7 52. Qd3+ Kh6 53. Qd2 h4 54. g4 Rb5+ 55. Kc4 Kh7 56. Qd3+ Kh6 57. Qd8 Rgc5+ 58. Kd4 Rd5+ 59. Qxd5 Rxd5+ 60. Kxd5 Kg5 61. Ke4 g6 62. Ke3 Kh6 63. Kf4 Kg7 64. Ke4 Kf7 0-1

[Event "Perenyi Memorial 12th"]
[Site "Budapest"]
[Date "2020.01.11"]
[Round "2"]
[White "Yip, Michael"]
[Black "Karacsonyi, Luca"]
[Result "1-0"]
[WhiteElo "1978"]
[BlackElo "1645"]
[PlyCount "49"]
[EventDate "2020.01.10"]
[EventType "swiss"]
[EventRounds "9"]
[EventCountry "HUN"]
[SourceTitle "EXT 2021"]
[Source "ChessBase"]
[SourceDate "2020.10.23"]
[SourceVersion "1"]
[SourceVersionDate "2020.10.23"]
[SourceQuality "1"]

1. d4 d5 2. c4 dxc4 3. e4 e5 4. Nf3 exd4 5. Bxc4 Bb4+ 6. Nbd2 Nc6 7. 0-0 Bxd2 8. Bxd2 Nf6 9. e5 Ne4 10. Bf4 0-0 11. Re1 Nc5 12. Bg5 Qd7 13. Qd2 h6 14. Bh4 a6 15. a4 b6 16. b4 Ne6 17. Re4 Bb7 18. h3 Kh8 19. Bf6 Kh7 20. Rh4 Kg8 21. Bxg7 f6 22. exf6 Kf7 23. Bxf8 Rxf8 24. Re1 Re8 25. Qxh6 1-0

[Event "Perenyi Memorial 12th"]
[Site "Budapest"]
[Date "2020.01.10"]
[Round "1"]
[White "To, Nhat Minh"]
[Black "Yip, Michael"]
[Result "1-0"]
[WhiteElo "2354"]
[BlackElo "1978"]
[PlyCount "69"]
[EventDate "2020.01.10"]
[EventType "swiss"]
[EventRounds "9"]
[EventCountry "HUN"]
[SourceTitle "EXT 2021"]
[Source "ChessBase"]
[SourceDate "2020.10.23"]
[SourceVersion "1"]
[SourceVersionDate "2020.10.23"]
[SourceQuality "1"]

1. d4 Nf6 2. c4 e6 3. Nf3 b6 4. g3 c6 5. Bg2 d5 6. 0-0 Be7 7. Qc2 0-0 8. Nbd2 Bb7 9. e4 Na6 10. e5 Nd7 11. b3 c5 12. dxc5 bxc5 13. Re1 Nb4 14. Qb1 a5 15. a3 Na6 16. cxd5 exd5 17. h4 Nc7 18. Nf1 Ra6 19. Ng5 g6 20. Bf4 Ne6 21. Nxe6 fxe6 22. Bh6 Rf7 23. Nh2 Rb6 24. Qc2 Bf8 25. Ng4 Bg7 26. Bd2 Ra6 27. Nh6+ Bxh6 28. Bxh6 Qe8 29. Qd2 Nb8 30. Rac1 Rc7 31. h5 a4 32. b4 c4 33. Qg5 Bc8 34. Red1 Qf7 35. Qd8+ 1-0

[Event "Budapest Karacsonyi op 10th"]
[Site "Budapest"]
[Date "2018.12.29"]
[Round "4"]
[White "Yip, Michael"]
[Black "Varga, Boldizsar"]
[Result "1-0"]
[WhiteElo "1945"]
[BlackElo "1647"]
[PlyCount "67"]
[EventDate "2018.12.27"]
[EventType "swiss"]
[EventRounds "7"]
[EventCountry "HUN"]
[SourceTitle "CBM 188 Extra"]
[Source "ChessBase"]
[SourceDate "2019.02.26"]
[SourceVersion "1"]
[SourceVersionDate "2019.02.26"]
[SourceQuality "1"]

1. Nf3 d5 2. d4 Nf6 3. c4 c6 4. Qc2 e6 5. g3 Nbd7 6. Bg2 Bd6 7. 0-0 0-0 8. b3 Re8 9. Nc3 b6 10. Rd1 Bb7 11. e4 dxe4 12. Nxe4 Nxe4 13. Qxe4 Nf6 14. Qc2 Qc7 15. c5 Bf8 16. Bf4 Qc8 17. b4 Nd5 18. Ng5 f5 19. Bd2 g6 20. Re1 Bg7 21. Bc3 Qd7 22. Nf3 a5 23. a3 axb4 24. axb4 bxc5 25. bxc5 Ba6 26. Bd2 Bb5 27. Qb2 Qc7 28. Rxa8 Rxa8 29. Rxe6 Bc4 30. Qc2 Ba2 31. Re1 Ra3 32. Qb2 Ra4 33. Re8+ Bf8 34. Bh6 1-0

[Event "Budapest-chT1 Lilienthal 1718"]
[Site "Budapest"]
[Date "2018.02.11"]
[Round "9"]
[White "Yip, Michael"]
[Black "Pirityi, Andras"]
[Result "1-0"]
[WhiteElo "1942"]
[BlackElo "1739"]
[PlyCount "77"]
[EventDate "2017.10.01"]
[EventType "team-tourn"]
[EventRounds "13"]
[EventCountry "HUN"]
[SourceTitle "EXT 2021"]
[Source "ChessBase"]
[SourceDate "2020.10.23"]
[SourceVersion "1"]
[SourceVersionDate "2020.10.23"]
[SourceQuality "1"]
[WhiteTeam "Budapest MTK III"]
[BlackTeam "Budapest Ujpest KSE"]
[WhiteTeamCountry "HUN"]
[BlackTeamCountry "HUN"]

1. Nf3 d6 2. d4 g6 3. g3 Bg7 4. Bg2 Nf6 5. 0-0 0-0 6. c4 c6 7. Nc3 Nbd7 8. e4 e5 9. Re1 exd4 10. Nxd4 Ne5 11. b3 Re8 12. h3 a6 13. Be3 Qa5 14. Rc1 c5 15. Nf3 Nxf3+ 16. Qxf3 Nh5 17. Nd5 Be6 18. Red1 Bxd5 19. Rxd5 Be5 20. Qe2 Qa3 21. Rc2 b5 22. Kh2 bxc4 23. Rxc4 Qa5 24. f4 Bc3 25. Rxd6 Be1 26. Bf2 Bb4 27. e5 Rad8 28. Rxd8 Qxd8 29. Qc2 g5 30. Bf3 Ng7 31. Be4 h6 32. Qe2 Bd2 33. Rc2 Bb4 34. a3 Bxa3 35. Qxa6 f5 36. Bd3 gxf4 37. Bc4+ Kh7 38. gxf4 Bb4 39. Bf7 1-0

[Event "Budapest Karacsonyi op"]
[Site "Budapest"]
[Date "2017.12.30"]
[Round "6"]
[White "To, Nhat Minh"]
[Black "Yip, Michael"]
[Result "1-0"]
[WhiteElo "2329"]
[BlackElo "1937"]
[PlyCount "49"]
[EventDate "2017.12.27"]
[EventType "swiss"]
[EventRounds "7"]
[EventCountry "HUN"]
[SourceTitle "CBM 182 Extra"]
[Source "ChessBase"]
[SourceDate "2018.02.23"]
[SourceVersion "1"]
[SourceVersionDate "2018.02.23"]
[SourceQuality "1"]

1. e4 e5 2. Nf3 Nc6 3. Bc4 Bc5 4. 0-0 d6 5. c3 Nf6 6. d3 0-0 7. a4 a6 8. h3 Ba7 9. Re1 Ne7 10. Nbd2 Ng6 11. Nf1 c6 12. Bb3 Re8 13. Ng3 Be6 14. Bxe6 Rxe6 15. d4 Qc7 16. Be3 Ree8 17. Qc2 Rad8 18. dxe5 Bxe3 19. exf6 Ba7 20. fxg7 Kxg7 21. Nd4 Kg8 22. Qd2 d5 23. exd5 cxd5 24. Qg5 Bxd4 25. cxd4 1-0

[Event "Budapest Titan Cup 1st"]
[Site "Budapest"]
[Date "2017.01.08"]
[Round "4"]
[White "Yip, Michael"]
[Black "Bilku, Andras"]
[Result "1-0"]
[WhiteElo "1941"]
[BlackElo "1575"]
[PlyCount "67"]
[EventDate "2017.01.06"]
[EventType "swiss"]
[EventRounds "5"]
[EventCountry "HUN"]
[SourceTitle "CBM 176 Extra"]
[Source "ChessBase"]
[SourceDate "2017.03.02"]
[SourceVersion "1"]
[SourceVersionDate "2017.03.02"]
[SourceQuality "1"]

1. d4 Nf6 2. Nf3 e6 3. c4 b6 4. a3 Ba6 5. Qc2 c5 6. e4 d5 7. Nc3 cxd4 8. Nxd4 dxe4 9. Be3 Bb7 10. 0-0-0 Qc8 11. Be2 Nbd7 12. g4 Nc5 13. g5 Nfd7 14. Rhg1 Ne5 15. Kb1 Ncd3 16. Qa4+ Ke7 17. Bxd3 Nxd3 18. Rg4 Ne5 19. Qb4+ Ke8 20. Qb5+ Nd7 21. Nxe4 e5 22. Nf5 Bc6 23. Nfd6+ Kd8 24. Qb3 Bxe4+ 25. Rxe4 Bxd6 26. Rxd6 Ke7 27. Rd5 f6 28. gxf6+ gxf6 29. f4 Qc6 30. fxe5 fxe5 31. Bg5+ Ke8 32. Qd3 Rg8 33. Rexe5+ Nxe5 34. Rxe5+ 1-0

[Event "Budapest Titan Cup 1st"]
[Site "Budapest"]
[Date "2017.01.07"]
[Round "3"]
[White "Tran, David"]
[Black "Yip, Michael"]
[Result "0-1"]
[WhiteElo "1525"]
[BlackElo "1941"]
[PlyCount "78"]
[EventDate "2017.01.06"]
[EventType "swiss"]
[EventRounds "5"]
[EventCountry "HUN"]
[SourceTitle "CBM 176 Extra"]
[Source "ChessBase"]
[SourceDate "2017.03.02"]
[SourceVersion "1"]
[SourceVersionDate "2017.03.02"]
[SourceQuality "1"]

1. e4 c5 2. Nc3 Nc6 3. g3 g6 4. Bg2 Bg7 5. d3 d6 6. Be3 e5 7. Qd2 Nd4 8. f4 Ne7 9. h3 Rb8 10. Nge2 exf4 11. gxf4 f5 12. 0-0 0-0 13. Ng3 Be6 14. Nd1 b6 15. c3 Ndc6 16. exf5 gxf5 17. Nh5 Bh8 18. Kh1 d5 19. Rg1 Ng6 20. Qf2 Kf7 21. Rb1 Rc8 22. d4 cxd4 23. cxd4 Qh4 24. Qxh4 Nxh4 25. Nc3 Nxg2 26. Rxg2 Nxd4 27. Rd1 Nf3 28. Nxd5 Rfd8 29. Nc3 Rxd1+ 30. Nxd1 Bxa2 31. Ng3 Bb3 32. Nxf5 Rd8 33. Nh6+ Kf8 34. Nc3 Bxc3 35. bxc3 Rd1+ 36. Bg1 Nh4 37. Rf2 Bd5+ 38. Kh2 Nf3+ 39. Rxf3 Bxf3 0-1

[Event "Budapest Karacsonyi op 8th"]
[Site "Budapest"]
[Date "2016.12.29"]
[Round "5"]
[White "Hardicsay, Peter"]
[Black "Yip, Michael"]
[Result "1/2-1/2"]
[WhiteElo "2215"]
[BlackElo "1941"]
[PlyCount "246"]
[EventDate "2016.12.27"]
[EventType "swiss"]
[EventRounds "7"]
[EventCountry "HUN"]
[SourceTitle "CBM 176 Extra"]
[Source "ChessBase"]
[SourceDate "2017.03.02"]
[SourceVersion "1"]
[SourceVersionDate "2017.03.02"]
[SourceQuality "1"]

1. e4 e5 2. Nf3 Nc6 3. Bb5 Nf6 4. d3 Bc5 5. 0-0 d6 6. Be3 Bb6 7. Nbd2 0-0 8. h3 Ne7 9. Bxb6 axb6 10. Nh4 Ng6 11. Nxg6 fxg6 12. Bc4+ Kh8 13. Re1 Qe7 14. Re3 Bd7 15. Nf1 b5 16. Bb3 b4 17. c3 bxc3 18. bxc3 Bc6 19. Ng3 b6 20. Qc2 Ra5 21. Rf1 Nd7 22. d4 Raa8 23. Qd3 Bb7 24. Qd2 Rf4 25. f3 Rff8 26. Rfe1 Rad8 27. Qf2 h6 28. Bc4 Ra8 29. Ra1 Nf6 30. Qe1 Ra5 31. Bb3 Rfa8 32. Rd3 Re8 33. Rd2 Bc8 34. Kh2 Nh7 35. Nf1 Ng5 36. Qg3 Kh7 37. Ne3 Ra7 38. Ng4 Qf8 39. h4 Nf7 40. Rf2 g5 41. Rh1 gxh4 42. Qxh4 Be6 43. Kg1 b5 44. Ne3 Bxb3 45. axb3 Ra1+ 46. Rf1 Rxf1+ 47. Nxf1 exd4 48. cxd4 c5 49. Qf2 Ng5 50. dxc5 dxc5 51. Ne3 Rc8 52. Nd5 c4 53. bxc4 bxc4 54. Qe3 Ne6 55. Kf2 Qd8 56. Rc1 Qa5 57. Rc2 Rc6 58. g3 Qa1 59. Kg2 Nd4 60. Rc3 Nb5 61. Rc1 Qb2+ 62. Kh3 c3 63. e5 Kh8 64. Nf4 c2 65. e6 Qc3 66. Qe4 Nd6 67. e7 Ne8 68. Ng6+ Kg8 69. Qd5+ Kh7 70. Nf8+ Kh8 71. Qf7 Rc8 72. Qf5 Nf6 73. Ng6+ Kg8 74. Qe6+ Kh7 75. Nf8+ Kh8 76. Ng6+ Kh7 77. Qf5 Kg8 78. Qe6+ Kh7 79. Nf8+ Kh8 80. Nd7 Ne8 81. Nb6 Rb8 82. Qf5 Qf6 83. Qxf6 Nxf6 84. Nc4 Re8 85. Ne5 Rc8 86. Nd3 Kg8 87. Ne1 Kf7 88. Rxc2 Rxc2 89. Nxc2 Kxe7 90. Kg2 Kf7 91. Kf2 Kg6 92. Ke3 Nh5 93. Kf2 Nf6 94. Nd4 Nd5 95. Ke2 Nf6 96. Ke3 Nh5 97. Ne2 Nf6 98. Kf4 Nh5+ 99. Ke5 Kf7 100. Kd6 Nf6 101. Ke5 Nd7+ 102. Kf5 Nf6 103. Nd4 Nd5 104. Ke5 Nf6 105. Nc6 Nh5 106. g4 Nf6 107. Kf5 g6+ 108. Ke5 Ne8 109. Nd8+ Ke7 110. Ne6 Nf6 111. Nf4 Nd7+ 112. Kd4 Kf6 113. Ke4 g5 114. Nh5+ Kg6 115. Ng3 Nc5+ 116. Kd4 Ne6+ 117. Ke5 Nf4 118. Nf5 Nd3+ 119. Kd4 Nf4 120. Ne7+ Kf7 121. Nd5 Nh3 122. Ke4 Ke6 123. Nb4 Nf4 1/2-1/2

[Event "Budapest Karacsonyi op 8th"]
[Site "Budapest"]
[Date "2016.12.28"]
[Round "2"]
[White "Eperjesi, Laszlo"]
[Black "Yip, Michael"]
[Result "1/2-1/2"]
[WhiteElo "2065"]
[BlackElo "1941"]
[PlyCount "59"]
[EventDate "2016.12.27"]
[EventType "swiss"]
[EventRounds "7"]
[EventCountry "HUN"]
[SourceTitle "CBM 176 Extra"]
[Source "ChessBase"]
[SourceDate "2017.03.02"]
[SourceVersion "1"]
[SourceVersionDate "2017.03.02"]
[SourceQuality "1"]

1. Nf3 Nf6 2. d4 e6 3. c4 b6 4. e3 Bb7 5. Bd3 d5 6. 0-0 Bd6 7. b3 0-0 8. Bb2 Nbd7 9. Nbd2 Ne4 10. Rc1 f5 11. Qe2 Nxd2 12. Nxd2 dxc4 13. Bxc4 Bxh2+ 14. Kxh2 Qh4+ 15. Kg1 Bxg2 16. f4 Bxf1 17. Bxe6+ Kh8 18. Nxf1 Rf6 19. Qg2 Rg6 20. Qxg6 hxg6 21. Bxd7 Rd8 22. Rc2 Qe7 23. Bb5 Kg8 24. Bc4+ Kf8 25. Rg2 Qd6 26. d5 Re8 27. Be5 Rxe5 28. fxe5 Qxe5 29. Rxg6 f4 30. exf4 1/2-1/2

[Event "HUN-chT2 Breyer 1617"]
[Site "Hungary"]
[Date "2016.11.27"]
[Round "3.6"]
[White "Balogh, Peter1111"]
[Black "Yip, Michael"]
[Result "1/2-1/2"]
[WhiteElo "2119"]
[BlackElo "1932"]
[PlyCount "59"]
[EventDate "2016.10.30"]
[EventType "team-tourn"]
[EventRounds "9"]
[EventCountry "HUN"]
[SourceTitle "EXT 2021"]
[Source "ChessBase"]
[SourceDate "2020.10.23"]
[SourceVersion "1"]
[SourceVersionDate "2020.10.23"]
[SourceQuality "1"]
[WhiteTeam "Kisber Aszar"]
[BlackTeam "Budapest MTK II"]
[WhiteTeamCountry "HUN"]
[BlackTeamCountry "HUN"]

1. e4 e5 2. Nf3 Nc6 3. Bc4 Bc5 4. 0-0 d6 5. c3 Nf6 6. d4 exd4 7. cxd4 Bb6 8. d5 Ne5 9. Nxe5 dxe5 10. Nc3 0-0 11. Bg5 h6 12. Bh4 a6 13. Kh1 g5 14. Bg3 Qe7 15. Qd3 Bd7 16. Rad1 Bc5 17. Rde1 b5 18. Bb3 Rad8 19. f4 Bd6 20. fxg5 hxg5 21. Nd1 Nh5 22. Nf2 Kg7 23. Bd1 Rh8 24. Bxh5 Rxh5 25. Qf3 Rdh8 26. Ng4 Bxg4 27. Qxg4 f6 28. Rf5 R5h6 29. Ref1 Rg6 30. Qf3 1/2-1/2

[Event "HUN-chT2 Erkel 1516"]
[Site "Hungary"]
[Date "2016.04.03"]
[Round "10.8"]
[White "Csillag, Bela"]
[Black "Yip, Michael"]
[Result "0-1"]
[WhiteElo "2076"]
[BlackElo "2000"]
[PlyCount "70"]
[EventDate "2015.09.13"]
[EventType "team-tourn"]
[EventRounds "11"]
[EventCountry "HUN"]
[SourceTitle "EXT 2017"]
[Source "ChessBase"]
[SourceDate "2016.10.25"]
[SourceVersion "1"]
[SourceVersionDate "2016.10.25"]
[SourceQuality "1"]
[WhiteTeam "Pestszentlorinc"]
[BlackTeam "Budapest MTK II"]
[WhiteTeamCountry "HUN"]
[BlackTeamCountry "HUN"]

1. e4 e5 2. d4 exd4 3. Qxd4 Nc6 4. Qe3 Nf6 5. Nc3 Bb4 6. Bd2 0-0 7. 0-0-0 Re8 8. Qg3 Kh8 9. Bc4 Ne5 10. Bb3 Bxc3 11. Bxc3 Nxe4 12. Qe3 Nxc3 13. Qxc3 Kg8 14. f4 Ng4 15. Nh3 h6 16. Rhe1 Rxe1 17. Rxe1 d6 18. Qf3 c6 19. f5 Nf6 20. g4 d5 21. c4 Bd7 22. Nf4 dxc4 23. Bxc4 Qa5 24. Rd1 b5 25. Bxf7+ Kxf7 26. Qb3+ Ke7 27. Ng6+ Kd8 28. Qf7 Kc7 29. Qxg7 Nd5 30. Ne5 Rd8 31. Nf7 Re8 32. Qxh6 Qxa2 33. Qd6+ Kc8 34. Ne5 Qa1+ 35. Kc2 Qa4+ 0-1

[Event "Budapest Karacsonyi 7th"]
[Site "Budapest"]
[Date "2015.12.29"]
[Round "4"]
[White "Szabolcsi, Janos"]
[Black "Yip, Michael"]
[Result "0-1"]
[WhiteElo "2315"]
[BlackElo "1937"]
[PlyCount "48"]
[EventDate "2015.12.27"]
[EventType "swiss"]
[EventRounds "7"]
[EventCountry "HUN"]
[SourceTitle "CBM 170 Extra"]
[Source "ChessBase"]
[SourceDate "2016.02.25"]
[SourceVersion "1"]
[SourceVersionDate "2016.02.25"]
[SourceQuality "1"]

1. d4 Nf6 2. Nf3 e6 3. c4 b6 4. a3 Bb7 5. Nc3 d5 6. cxd5 Nxd5 7. e3 g6 8. Bb5+ c6 9. Bd3 Bg7 10. h4 h6 11. Bd2 Nd7 12. e4 Nxc3 13. Bxc3 c5 14. Qa4 0-0 15. Bb5 cxd4 16. Bxd4 Nc5 17. Bxc5 bxc5 18. 0-0 Qb6 19. Bd3 Rfd8 20. Rfd1 Rac8 21. Rab1 c4 22. Bxc4 Bxe4 23. Ba6 Bc2 24. b3 Bxd1 0-1

[Event "Budapest Karacsonyi 7th"]
[Site "Budapest"]
[Date "2015.12.27"]
[Round "1"]
[White "Yip, Michael"]
[Black "Budai, Istvan"]
[Result "1-0"]
[WhiteElo "1937"]
[BlackElo "1639"]
[PlyCount "66"]
[EventDate "2015.12.27"]
[EventType "swiss"]
[EventRounds "7"]
[EventCountry "HUN"]
[SourceTitle "CBM 170 Extra"]
[Source "ChessBase"]
[SourceDate "2016.02.25"]
[SourceVersion "1"]
[SourceVersionDate "2016.02.25"]
[SourceQuality "1"]

1. d4 d5 2. c4 Nf6 3. cxd5 Qxd5 4. Nc3 Qd8 5. e4 h6 6. h3 a6 7. Nf3 e6 8. Be2 Bb4 9. e5 Nd5 10. Bd2 Nc6 11. 0-0 Be7 12. Bd3 b5 13. Re1 Bb7 14. Rc1 Qd7 15. Qe2 g5 16. a4 Nxc3 17. bxc3 b4 18. Be3 bxc3 19. Rb1 Nb4 20. Rec1 Bxf3 21. Qxf3 0-0 22. Bc4 Nd5 23. Bxd5 exd5 24. Rxc3 Rfc8 25. Qd1 a5 26. Qe2 Bb4 27. Rc6 Bf8 28. Rb7 Rab8 29. Rxb8 Rxb8 30. Rxc7 Qe8 31. f4 gxf4 32. Bxf4 Rb4 33. Rc8 Qe6 1-0

[Event "Elekes Memorial op"]
[Site "Budapest"]
[Date "2015.07.19"]
[Round "2"]
[White "Piroska, Istvan"]
[Black "Yip, Michael"]
[Result "1-0"]
[WhiteElo "2094"]
[BlackElo "1919"]
[PlyCount "75"]
[EventDate "2015.07.18"]
[EventType "swiss"]
[EventRounds "9"]
[EventCountry "HUN"]
[SourceTitle "EXT 2016"]
[Source "ChessBase"]
[SourceDate "2015.10.08"]
[SourceVersion "1"]
[SourceVersionDate "2015.10.08"]
[SourceQuality "1"]

1. e4 d5 2. exd5 Qxd5 3. Nc3 Qd6 4. d4 Nf6 5. Nf3 c6 6. Be2 Bg4 7. h3 Bxf3 8. Bxf3 e6 9. 0-0 Be7 10. Ne2 Qc7 11. c4 0-0 12. Qc2 Nbd7 13. Bf4 Bd6 14. Bg5 Rfe8 15. Rfe1 e5 16. c5 Bf8 17. b4 e4 18. Bg4 Nxg4 19. hxg4 a5 20. a3 b6 21. Ng3 axb4 22. axb4 Rxa1 23. Rxa1 bxc5 24. bxc5 e3 25. Nf5 exf2+ 26. Qxf2 Qb7 27. Re1 Rxe1+ 28. Qxe1 h6 29. Be7 Nb8 30. Qe5 Nd7 31. Qe4 Nb8 32. Bxf8 Kxf8 33. Qe5 f6 34. Qd6+ Kf7 35. Qd8 Kg6 36. Qe8+ Kh7 37. Ne7 h5 38. Qxh5# 1-0

[Event "Budapest Art Pub Cup 7th"]
[Site "Budapest"]
[Date "2015.03.15"]
[Round "5"]
[White "Yip, Michael"]
[Black "Bakk, Zoltan"]
[Result "1/2-1/2"]
[WhiteElo "1979"]
[BlackElo "2044"]
[PlyCount "70"]
[EventDate "2015.03.13"]
[EventType "swiss"]
[EventRounds "6"]
[EventCountry "HUN"]
[SourceTitle "CBM 165 Extra"]
[Source "ChessBase"]
[SourceDate "2015.04.21"]
[SourceVersion "1"]
[SourceVersionDate "2015.04.21"]
[SourceQuality "1"]

1. d4 e6 2. c4 Bb4+ 3. Bd2 Bxd2+ 4. Qxd2 Nf6 5. Nc3 0-0 6. Nf3 d5 7. e3 Qe7 8. Bd3 dxc4 9. Bxc4 c5 10. 0-0 Rd8 11. Qe2 Nc6 12. dxc5 Qxc5 13. Rac1 Bd7 14. Rfd1 Be8 15. Bb3 Rxd1+ 16. Rxd1 Rd8 17. Rxd8 Nxd8 18. Qd2 Nc6 19. h3 Kf8 20. Na4 Qb4 21. Qc2 Na5 22. Nc5 Nxb3 23. Nxb3 Qd6 24. Nbd4 Bd7 25. Qb3 e5 26. Ng5 Qe7 27. Nb5 h6 28. Nf3 Qc5 29. Nc3 Bc6 30. Qd1 Ke7 31. Nh4 g6 32. Nf3 Qd6 33. Qe2 a6 34. a3 Qc5 35. Nd2 g5 1/2-1/2

[Event "Budapest Art Pub Cup 7th"]
[Site "Budapest"]
[Date "2015.03.14"]
[Round "4"]
[White "Piroska, Istvan"]
[Black "Yip, Michael"]
[Result "1-0"]
[WhiteElo "2085"]
[BlackElo "1979"]
[PlyCount "131"]
[EventDate "2015.03.13"]
[EventType "swiss"]
[EventRounds "6"]
[EventCountry "HUN"]
[SourceTitle "CBM 165 Extra"]
[Source "ChessBase"]
[SourceDate "2015.04.21"]
[SourceVersion "1"]
[SourceVersionDate "2015.04.21"]
[SourceQuality "1"]

1. e4 d5 2. exd5 Qxd5 3. Nc3 Qd6 4. d4 Nf6 5. Nf3 c6 6. Be2 Bf5 7. 0-0 e6 8. Nh4 Bg6 9. g3 Be7 10. Bf4 Qd8 11. Nxg6 hxg6 12. Bf3 Nbd7 13. Re1 0-0 14. Qd3 Nd5 15. Nxd5 exd5 16. Re2 Nf6 17. Rae1 Re8 18. Bg5 Qd7 19. h4 Bf8 20. Re5 Bd6 21. R5e2 Rxe2 22. Rxe2 Re8 23. c3 Re6 24. a4 Qe8 25. Rxe6 Qxe6 26. Kg2 Kf8 27. b4 Nd7 28. h5 Qf5 29. Qxf5 gxf5 30. Be2 Be7 31. h6 gxh6 32. Bxh6+ Kg8 33. Bd3 Nb6 34. a5 Na4 35. Bd2 b6 36. axb6 axb6 37. Bxf5 c5 38. Bd7 Nb2 39. bxc5 bxc5 40. Bc6 cxd4 41. cxd4 Nc4 42. Be3 Nb6 43. f4 f5 44. Bd2 Kg7 45. Ba5 Nc4 46. Bc7 Kf6 47. Kf3 Ke6 48. g4 fxg4+ 49. Kxg4 Ne3+ 50. Kf3 Nf5 51. Be5 Ba3 52. Bb7 Nd6 53. Ba6 Kf5 54. Bf1 Ne4 55. Bh3+ Kg6 56. Be6 Nf6 57. f5+ Kg7 58. Bxd5 Bc1 59. Be6 Bb2 60. Ke2 Ba3 61. Kd3 Be7 62. d5 Kf8 63. Kc4 Ke8 64. Kb5 Ne4 65. Kc6 Kd8 66. Bc7+ 1-0

[Event "Budapest Art Pub Cup 7th"]
[Site "Budapest"]
[Date "2015.03.14"]
[Round "3"]
[White "Yip, Michael"]
[Black "Laszlo, Imre"]
[Result "1-0"]
[WhiteElo "1979"]
[BlackElo "2120"]
[PlyCount "43"]
[EventDate "2015.03.13"]
[EventType "swiss"]
[EventRounds "6"]
[EventCountry "HUN"]
[SourceTitle "CBM 165 Extra"]
[Source "ChessBase"]
[SourceDate "2015.04.21"]
[SourceVersion "1"]
[SourceVersionDate "2015.04.21"]
[SourceQuality "1"]

1. d4 Nf6 2. c4 c5 3. d5 b5 4. cxb5 a6 5. bxa6 Bxa6 6. Nc3 g6 7. Nf3 d6 8. e4 Bxf1 9. Kxf1 Bg7 10. g3 Nbd7 11. Kg2 0-0 12. a4 Qb6 13. Ra3 Rfb8 14. Qc2 Qb4 15. Rd1 Rb7 16. Nd2 Rab8 17. f3 Ne8 18. Nb5 Nb6 19. b3 Ra8 20. Nc4 Nxa4 21. bxa4 Rxb5 22. axb5 1-0

[Event "Budapest Karacsonyi op 6th"]
[Site "Budapest"]
[Date "2014.12.29"]
[Round "5"]
[White "Yip, Michael"]
[Black "Bodi, Tibor"]
[Result "0-1"]
[WhiteElo "1955"]
[BlackElo "2137"]
[PlyCount "104"]
[EventDate "2014.12.27"]
[EventType "swiss"]
[EventRounds "7"]
[EventCountry "HUN"]
[SourceTitle "EXT 2020"]
[Source "ChessBase"]
[SourceDate "2019.10.17"]
[SourceVersion "1"]
[SourceVersionDate "2019.10.17"]
[SourceQuality "1"]

1. d4 f5 2. g3 Nf6 3. Bg2 g6 4. Nf3 Bg7 5. 0-0 0-0 6. c4 d6 7. Nc3 Nc6 8. d5 Ne5 9. Nxe5 dxe5 10. Qb3 e4 11. c5 Kh8 12. Rd1 b6 13. f3 exf3 14. exf3 Nd7 15. cxb6 axb6 16. Nb5 Nc5 17. Qc2 Ba6 18. Nc3 e5 19. b4 Nd7 20. Be3 Nf6 21. a4 Qd6 22. Rab1 Rfd8 23. Bf2 Bc4 24. f4 exf4 25. Rd4 Ba6 26. Rxf4 Nh5 27. Rh4 Bf6 28. Bd4 Rab8 29. b5 Bb7 30. Rd1 Re8 31. Qd2 Bxd4+ 32. Rxd4 Re5 33. Qh6 Rbe8 34. Bf3 Nf6 35. Kf2 Qc5 36. R1d3 Ne4+ 37. Kg2 Nxc3 38. Rh4 Qe7 39. Rxc3 Re2+ 40. Kh3 Re5 41. d6 cxd6 42. Bxb7 g5 43. Bc6 Rg8 44. Rcc4 g4+ 45. Rhxg4 fxg4+ 46. Rxg4 Rxg4 47. Kxg4 Qg7+ 48. Qxg7+ Kxg7 49. Kf4 Re2 50. h4 Ra2 51. Kf5 Re2 52. Bd5 Re5+ 0-1

[Event "Budapest Karacsonyi op 6th"]
[Site "Budapest"]
[Date "2014.12.29"]
[Round "4"]
[White "Yip, Michael"]
[Black "Palla, Akos Botond"]
[Result "1-0"]
[WhiteElo "1955"]
[BlackElo "2026"]
[PlyCount "81"]
[EventDate "2014.12.27"]
[EventType "swiss"]
[EventRounds "7"]
[EventCountry "HUN"]
[SourceTitle "EXT 2020"]
[Source "ChessBase"]
[SourceDate "2019.10.17"]
[SourceVersion "1"]
[SourceVersionDate "2019.10.17"]
[SourceQuality "1"]

1. d4 d5 2. c4 c6 3. Nf3 Nf6 4. Nc3 e6 5. cxd5 exd5 6. Bg5 Be7 7. Qc2 Nbd7 8. e3 0-0 9. Bd3 Re8 10. 0-0 Nf8 11. h3 g6 12. Rab1 a5 13. a3 Ne6 14. Bxf6 Bxf6 15. Na4 Bg7 16. Rfc1 f5 17. Nc5 Ng5 18. Nxg5 Qxg5 19. Qd2 b6 20. Na4 Bxd4 21. Rxc6 Bd7 22. Bb5 Re4 23. Rd1 f4 24. exd4 Bxh3 25. Bf1 Bd7 26. Nxb6 Bxc6 27. Nxa8 Qd8 28. Be2 Qxa8 29. Bf3 Re6 30. Qxf4 Qb7 31. Rc1 Kg7 32. b4 axb4 33. axb4 Qxb4 34. Qc7+ Kh6 35. Rxc6 Re1+ 36. Kh2 Qxd4 37. Qg3 Rf1 38. Qh3+ Kg5 39. Rd6 Qxf2 40. Qg4+ Kh6 41. Qf4+ 1-0